|
|
|
|
| LEADER |
00000nab a2200000 a 4500 |
| 001 |
vtls000774986 |
| 003 |
SK-MaSNL |
| 005 |
20260303210237.0 |
| 015 |
|
|
|a SNBRB2001/11-32280
|
| 035 |
|
|
|a CLN000126773
|
| 040 |
|
|
|a SNKBUCL
|b slo
|c SNKBUCL
|e AACR2
|
| 041 |
0 |
|
|a slo
|
| 044 |
|
|
|a xo
|c SK
|
| 080 |
|
|
|a 616.61-008.64-08
|2 1997
|
| 245 |
0 |
0 |
|a Liečba nahradzujúca funkcie obličiek (LNFO) a sekundárna hyperoxalémia pri chronickom zlyhaní obličiek
|c K. Derzsiová ... [et al.]
|
| 650 |
0 |
7 |
|a obličky
|x zlyhanie chronické
|2 snkbucl
|9 918889
|
| 650 |
0 |
7 |
|a liečba nahradzujúca funkcie obličiek
|2 snkbucl
|9 1241724
|
| 650 |
0 |
7 |
|a hemodialýza
|2 snkbucl
|9 2478
|
| 650 |
0 |
7 |
|a hyperoxalémia
|2 snkbucl
|9 1241725
|
| 650 |
0 |
7 |
|a peritoneálna dialýza
|2 snkbucl
|9 68573
|
| 650 |
0 |
7 |
|a furosemid
|2 snkbucl
|9 13956
|
| 655 |
|
7 |
|a články z novín a časopisov
|2 snkbucl
|9 267496
|
| 700 |
1 |
|
|a Derzsiová, Katarína
|4 aut
|9 1223496
|
| 700 |
1 |
|
|a Mydlík, Miroslav,
|d 1932-2018
|4 aut
|9 13514
|
| 700 |
1 |
|
|a Knapová, M.
|4 aut
|9 1241726
|
| 700 |
1 |
|
|a Mitrová, M.
|4 aut
|9 1241727
|
| 700 |
1 |
|
|a Blizcová, V.
|4 aut
|9 1241728
|
| 773 |
0 |
|
|t Slovenský lekár
|g Roč. 11 (25), č. 11-12 (2001), s. 456
|x 1335-0234
|
| 850 |
|
|
|a Slovenská národná knižnica v Martine
|
| 852 |
|
|
|a SNK
|b KIS3GCP
|
| 958 |
|
|
|a MI
|
| 992 |
|
|
|a RBX
|
| 999 |
|
|
|c 2199413
|d 2201343
|